Displaced

I tiakina i:
Ngā taipitopito rārangi puna kōrero
Kaituhi rangatōpū: Museo de Arte Contemporáneo (MUC) (Author)
Hōputu: Pukapuka
Reo:Pāniora
Ingarihi
I whakaputaina: Santiago Museo de Arte Contemporáneo 1998
Ngā marau:
Ngā Tūtohu: Tāpirihia he Tūtohu
Kāore He Tūtohu, Me noho koe te mea tuatahi ki te tūtohu i tēnei pūkete!

MARC

LEADER 00000nam a2200000 a 4500
001 UCO0512
003 CL-VaPUC
008 000420e19980000CL |||||||||||||||||spa|d
041 0 7 |a spa  |2 CL-VaPUC 
041 0 7 |a eng  |2 CL-VaPUC 
082 0 4 |a 735.23  |b MUS  |2 21 
110 |a Museo de Arte Contemporáneo (MUC)  |e author  |9 441859 
245 1 0 |a Displaced 
300 |a 62 p 
942 |c BK 
945 |d 20000420 00:00:00  |a rbrito 
260 |a Santiago  |b Museo de Arte Contemporáneo  |c 1998 
650 0 |a Escultura  |9 265737 
650 0 |a Arte contemporáneo  |9 338008 
583 |a last modification  |c 20000420 00:00:00  |k Rodrigo Vera 
999 |c 287209  |d 287207 
952 |0 0  |1 0  |4 0  |6 735_230000000000000_MUS_1998  |7 0  |8 R  |9 333685  |a BIBART  |b BIBART  |d 2019-11-20  |i 3615162  |o 735.23 MUS 1998  |p 3615162  |r 2025-03-13  |w 2019-11-20  |y BK_R  |k ART